Music Quiz

Random Music or Letter Quiz
Score 0/30 Timer 05:00
4 Plays Today
% Correct
Taylor
97.9%
Tina
97.6%
Talking
94.6%
Twisted
94.4%
Taj
92.8%
Toni
92%
Tracy
91.6%
Tim
89.8%
T.
89.6%
Thin
88.5%
Ted
87.8%
Take
87.6%
Tony
87.3%
Tiny
86.4%
Tori
84.8%
% Correct
Tenacious
84.7%
Thompson
83.7%
Talk
80.1%
Tangerine
78.1%
Tom
77.9%
Toby
77.3%
Television
76.7%
Thom
68.7%
Titus
68.4%
Trent
67.7%
Talib
64.6%
Thievery
59.7%
Tame
56.1%
Trey
54%
Tove
51.7%
Remove Ads.
Support Sporcle.
Get the best of Sporcle when you Go Orange. This ad-free experience offers more features, more stats, and more fun while also helping to support Sporcle. Thank you for becoming a member.

You're not logged in!

Compare scores with friends on all Sporcle quizzes.
OR
Log In

Show Comments

Extras

Top Quizzes Today


Score Distribution

Your Account Isn't Verified!

In order to create a playlist on Sporcle, you need to verify the email address you used during registration. Go to your Sporcle Settings to finish the process.

Report this User

Report this user for behavior that violates our Community Guidelines.

Details: